Transform Theory and Applications

Salvato in:
Dettagli Bibliografici
Autore principale: Vích, Robert
Natura: Libro
Lingua:inglese
Pubblicazione: Dordrecht Reidel 1987
Edizione:1. ed.
Serie:Mathematics and Its Applications
Tags: Aggiungi Tag
Nessun Tag, puoi essere il primo ad aggiungerne!!

MARC

LEADER 00000nam a2200000 4500
001 c029783
005 20221219120743.9
041 0 |a eng 
044 |a NL 
245 1 0 |a Transform Theory and Applications  |c Robert Vích 
250 |a 1. ed. 
264 1 |a Dordrecht  |b Reidel  |c 1987 
300 |a 246 s. 
490 1 |a Mathematics and Its Applications 
830 0 |a Mathematics and Its Applications 
100 1 |a Vích, Robert